ARRUPE JESUIT UNIVERSITY

CORONAVIRUS -STOP THE SPREAD - CLEAN,DISINFECT,COVER

The culture of war (Record no. 130611)

MARC details
000 -LEADER
fixed length control field 00505nam a22001697a 4500
008 - FIXED-LENGTH DATA ELEMENTS--GENERAL INFORMATION
fixed length control field 210311b ||||| |||| 00| 0 eng d
050 ## - LIBRARY OF CONGRESS CALL NUMBER
Classification number U21.5 C742008
100 ## - MAIN ENTRY--PERSONAL NAME
Personal name Van Creveld, martin
9 (RLIN) 50147
245 ## - TITLE STATEMENT
Title The culture of war
Statement of responsibility, etc / Martin van Creveld
260 ## - PUBLICATION, DISTRIBUTION, ETC. (IMPRINT)
Place of publication, distribution, etc New York
Name of publisher, distributor, etc Presido Press
Date of publication, distribution, etc 2008
300 ## - PHYSICAL DESCRIPTION
Extent 485p.
500 ## - GENERAL NOTE
General note Donated by Kiyimba, Kizito, SJ
650 ## - SUBJECT ADDED ENTRY--TOPICAL TERM
Source of heading or term Sociology
General subdivision Military
9 (RLIN) 50148
650 ## - SUBJECT ADDED ENTRY--TOPICAL TERM
Source of heading or term War
650 ## - SUBJECT ADDED ENTRY--TOPICAL TERM
Source of heading or term Military art and science
General subdivision History
9 (RLIN) 8438
942 ## - ADDED ENTRY ELEMENTS (KOHA)
Source of classification or shelving scheme Library of Congress Classification
Item type Monograph ( Printed materials)
Holdings
Withdrawn status Lost status Source of classification or shelving scheme Damaged status Not for loan Home library Current library Date acquired Total Checkouts Full call number Barcode Date last seen Date last borrowed Price effective from Koha item type
    Library of Congress Classification     ARRUPE LIBRARY ARRUPE LIBRARY 11/03/2021 1 U21.5 C742008 46600008217 25/03/2021 11/03/2021 11/03/2021 Monograph ( Printed materials)

 

Arrupe Library. PO Box MP320 Mt Pleasant, Harare, Zimbabwe
263 242 745411|librarian@aju.ac.zw